| 000 | 01309cam a2200301 a 4500 | ||
|---|---|---|---|
| 001 | 3014663 | ||
| 003 | OSt | ||
| 005 | 20240621152942.0 | ||
| 008 | 940517s1994 nyua b 001 0 eng | ||
| 010 | _a 94021237 | ||
| 020 | _a0070016852 (acidfree paper) | ||
| 020 | _a0071132104 | ||
| 040 |
_aDLC _cDLC _dDLC |
||
| 082 | 0 | 0 |
_a531.11 AND 1995 _220 |
| 100 | 1 |
_aAnderson, John D. _913737 |
|
| 245 | 1 | 0 |
_aComputational Fluid Dynamics : _bthe basics with applications |
| 260 |
_aNew York ; _bMcGraw-Hill, _c1995. |
||
| 300 |
_axxiv, 547 p. : _bill. ; _c25 cm. |
||
| 440 | 0 |
_aMcGraw-Hill series in mechanical engineering _913738 |
|
| 504 | _aIncludes bibliographical references (p. 539-542) and index. | ||
| 650 | 0 |
_aFluid dynamics. _913739 |
|
| 856 | 4 | 2 |
_3Publisher description _uhttp://www.loc.gov/catdir/description/mh022/94021237.html |
| 856 | 4 | 1 |
_3Table of contents _uhttp://www.loc.gov/catdir/toc/mh022/94021237.html |
| 856 | 4 | 2 |
_3Contributor biographical information _uhttp://www.loc.gov/catdir/enhancements/fy0737/94021237-b.html |
| 906 |
_a7 _bcbc _corignew _d1 _eocip _f19 _gy-gencatlg |
||
| 942 |
_2ddc _cO_SHELF |
||
| 999 |
_c6682 _d6682 |
||